Tutte le Province confinanti più popolose - Statistics

Statistiche generali
  • Questo quiz è stato fatto 9 volte
  • Il punteggio medio è 47 su 105
Statistiche sulle risposte
Provincia Provincia confinante più popolosa % Corretto
Lecco Bergamo
100%
La Spezia Genova
100%
Reggio Emilia Modena
100%
Udine Venezia
100%
Pisa Firenze
86%
Bologna Firenze
86%
Rovigo Padova
86%
Barletta-Andria-Trani Bari
71%
Brescia Bergamo
71%
Cosenza Potenza
71%
Brindisi Bari
57%
Milano Bergamo
57%
Ferrara Bologna
57%
Modena Bologna
57%
Sondrio Brescia
57%
Verona Brescia
57%
Sud Sardegna Cagliari
57%
Catanzaro Cosenza
57%
Novara Milano
57%
Cremona Milano
57%
Salerno Napoli
57%
Genova Parma
57%
Terni Perugia
57%
Valle d'Aosta Torino
57%
Matera Bari
43%
Taranto Bari
43%
Ravenna Bologna
43%
Firenze Bologna
43%
Prato Bologna
43%
Trento Brescia
43%
Mantova Brescia
43%
Napoli Caserta
43%
Siracusa Catania
43%
Ragusa Catania
43%
Reggio Calabria Catanzaro
43%
Pescara Chieti
43%
Crotone Cosenza
43%
Arezzo Firenze
43%
Lucca Firenze
43%
Siena Firenze
43%
Rimini Forlì-Cesena
43%
Roma Latina
43%
Fermo Macerata
43%
Palermo Messina
43%
Catania Messina
43%
Varese Milano
43%
Lodi Milano
43%
Bergamo Milano
43%
Monza e Brianza Milano
43%
Caserta Napoli
43%
Benevento Napoli
43%
Avellino Napoli
43%
Venezia Padova
43%
Treviso Padova
43%
Vicenza Padova
43%
Enna Palermo
43%
Trapani Palermo
43%
Messina Palermo
43%
Caltanissetta Palermo
43%
Macerata Perugia
43%
Ancona Perugia
43%
Teramo Pescara
43%
Chieti Pescara
43%
Livorno Pisa
43%
Vibo Valentia Reggio Calabria
43%
Viterbo Roma
43%
Frosinone Roma
43%
Latina Roma
43%
Rieti Roma
43%
Nuoro Sassari
43%
Bari Taranto
43%
Lecce Taranto
43%
Cuneo Torino
43%
Asti Torino
43%
Bolzano Trento
43%
Belluno Treviso
43%
Pordenone Treviso
43%
Gorizia Udine
43%
Como Varese
43%
Padova Verona
43%
Perugia Ancona
29%
Potenza Bari
29%
Pistoia Bologna
29%
Isernia Caserta
29%
Campobasso Caserta
29%
Forlì-Cesena Firenze
29%
Parma Genova
29%
Piacenza Genova
29%
Imperia Genova
29%
Pavia Milano
29%
Sassari Nuoro
29%
Agrigento Palermo
29%
L'Aquila Roma
29%
Oristano Sassari
29%
Biella Torino
29%
Vercelli Torino
29%
Verbano-Cusio-Ossola Varese
29%
Foggia Avellino
14%
Torino Cuneo
14%
Alessandria Genova
14%
Pesaro e Urbino Perugia
14%
Ascoli Piceno Perugia
14%
Grosseto Pisa
14%
Massa-Carrara Reggio Emilia
14%
Savona Geniova
0%
Nessun quiz corrispondente trovato
Distribuzione punteggi
Percentuale di utenti per punteggio
Percentile per numero di risposta
I tuoi punteggi nel tempo
Non hai fatto questo quiz